| 000 | 01365cam a2200289 a 4500 | ||
|---|---|---|---|
| 999 |
_c328591 _d328591 |
||
| 001 | 14183548 | ||
| 003 | Nust | ||
| 005 | 20170412125407.0 | ||
| 008 | 051129s2005 nyuab b 001 0 eng | ||
| 010 | _a 2005284261 | ||
| 020 | _a9780099302780 | ||
| 040 |
_aDLC _cDLC _dDLC |
||
| 050 | 0 | 0 |
_aHM206 _b.D48 2005 |
| 082 | 0 | 0 |
_a303.4 _bDIA |
| 100 | 1 | _aDiamond, Jared M. | |
| 245 | 1 | 0 |
_aGuns, germs, and steel : _ba short history of everybody for the last 13000 years / _cJared Diamond. |
| 260 |
_aNew York : _bNorton, _c2005. |
||
| 300 |
_a480 p. : _bill., maps ; _c24 cm. |
||
| 500 | _a"With a new chapter on Japan." -- book jacket | ||
| 504 | _aIncludes bibliographical references (p. 466-496) and index. | ||
| 650 | 0 | _aSocial evolution. | |
| 650 | 0 |
_aCivilization _xHistory. |
|
| 650 | 0 | _aEthnology. | |
| 650 | 0 |
_aHuman beings _xEffect of environment on. |
|
| 650 | 0 | _aCulture diffusion. | |
| 906 |
_a7 _bcbc _corigcop _d1 _encip _f20 _gy-gencatlg |
||
| 942 |
_2ddc _cBK |
||